000 00911nam a22002777a 4500
001 262
003 BD-RjUL
005 20211208233138.0
008 131117r20021976ii d |||| 001 0 eng d
020 _a8121906008
035 _a(BD-RjUL)279
040 _aBD-RjUL
_beng
_cBD-RjUL
041 _aeng
082 0 4 _221
_a546
_bMAS 2002
100 1 _aMalik, Wahid U.
_9860
245 1 0 _aSelected topics in inorganic chemistry /
_cWahid U. Malik.; G D Tuli; R D Madan
260 _aNew Delhi :
_bS. Chand & Co.,
_cc1976 [Reprinted 2002].
300 _axxxiii, 789 p. :
_bill. ;
_c22 cm.
500 _aIncludes index.
526 _bChemistry.
650 0 7 _2SLSH
_aChemistry, Inorganic.
_9425
700 _atuli ,g.d
_931272
700 _amadan, r.d
_931273
856 _3Worldcat Details
_uhttp://www.worldcat.org/title/selected-topics-in-inorganic-chemistry/oclc/818809215&referer=brief_results
942 _2ddc
_cBK
_09
999 _c262
_d262